| 000 | 00505nam a2200217Ia 4500 | ||
|---|---|---|---|
| 001 | 1436 | ||
| 003 | GE_BSU | ||
| 008 | 181216s||||||||xx |||||||||||||| ||und|| | ||
| 040 | _cGE_BSU | ||
| 080 | _a574 | ||
| 100 | _aWatson,James D. | ||
| 245 | _aMolekular biology of the gene. | ||
| 250 | _aFourth edition. | ||
| 260 | _bMenlo Park,Benjamin. | ||
| 260 | _c1988 | ||
| 300 | _a1163 | ||
| 541 | _h80GEL | ||
| 653 | _aMolekular biology of the gene | ||
| 653 | _aბიოლოგია | ||
| 942 | _cBK | ||
| 999 |
_c35574 _d35574 |
||